Consenso político para descentralizar el federalismo centralizado venezolano. Political consensus to decentralize venezuelan centralized federalism. (Registro nro. 15804)
[ vista simple ]
| 000 -CABECERA | |
|---|---|
| campo de control de longitud fija | 00559nab a22001697a 4500 |
| 001 - NÚMERO DE CONTROL | |
| campo de control | T027600011373-05 |
| 008 - DATOS DE LONGITUD FIJA--INFORMACIÓN GENERAL | |
| campo de control de longitud fija | 190830b xxu||||| |||| 00| 0 esp | |
| 040 ## - FUENTE DE LA CATALOGACIÓN | |
| Centro catalogador/agencia de origen | FEVP |
| Centro/agencia transcriptor | FEVP |
| 100 ## - ENTRADA PRINCIPAL--NOMBRE DE PERSONA | |
| Nombre de persona | Mascareño, Carlos. |
| 245 ## - MENCIÓN DE TÍTULO | |
| Título | Consenso político para descentralizar el federalismo centralizado venezolano. Political consensus to decentralize venezuelan centralized federalism. |
| 300 ## - DESCRIPCIÓN FÍSICA | |
| Extensión | pp. 113-169 |
| 650 ## - PUNTO DE ACCESO ADICIONAL DE MATERIA--TÉRMINO DE MATERIA | |
| Término de materia o nombre geográfico como elemento de entrada | Educación Superior--Administración |
| 650 ## - PUNTO DE ACCESO ADICIONAL DE MATERIA--TÉRMINO DE MATERIA | |
| Término de materia o nombre geográfico como elemento de entrada | Educación Superior--Proyectos. |
| 650 ## - PUNTO DE ACCESO ADICIONAL DE MATERIA--TÉRMINO DE MATERIA | |
| Término de materia o nombre geográfico como elemento de entrada | Venezuela |
| 650 ## - PUNTO DE ACCESO ADICIONAL DE MATERIA--TÉRMINO DE MATERIA | |
| Término de materia o nombre geográfico como elemento de entrada | Español |
| 942 ## - ELEMENTOS DE PUNTO DE ACCESO ADICIONAL (KOHA) | |
| Tipo de ítem Koha | Analítica |
| Estado de retiro | Estado de pérdida | Estado dañado | No para préstamo | Localización permanente | Ubicación/localización actual | Fecha de adquisición | Total de préstamos | Fecha visto por última vez | Número de copia | Precio válido a partir de | Tipo de ítem Koha |
|---|---|---|---|---|---|---|---|---|---|---|---|
| Oscar Varsavsky | Oscar Varsavsky | 02.09.2019 | 02.09.2019 | e.1 | 02.09.2019 | Analítica | |||||
| Oscar Varsavsky | Oscar Varsavsky | 02.09.2019 | 02.09.2019 | e.2 | 02.09.2019 | Analítica |